Представление документа в формате MARC21

ПолеНазваниеЗначение
  Тип записи a
  Библиографический уровень m
001 Контрольный номер RU\infra-m\znanium\bibl\2225679
005 Дата корректировки 20260429142407.1
008 Кодируемые данные 260306s2025 RU g rus u
020 Индекс ISBN __
a ISBN 978-5-16-005116-1
020 Индекс ISBN __
a ISBN 978-5-16-109373-3 (электр. издание)
040 Источник каталогиз. __
a Служба первич. каталог. Общество с ограниченной ответственностью «ЗНАНИУМ»
041 Код языка издания __
a Код языка текста rus
044 Код страны публикации __
a Код страны публикации RU
080 Индекс УДК __
a Индекс УДК 62-83(075.32)
084 Индекс другой классификации/Индекс ББК __
2 Источник индекса rubbk
a Индекс другой классификации/Индекс ББК 31.291я723
084 Индекс другой классификации/Индекс ББК __
2 Источник индекса okso
a Индекс другой классификации/Индекс ББК 08.02.09
084 Индекс другой классификации/Индекс ББК __
2 Источник индекса okso
a Индекс другой классификации/Индекс ББК 08.02.13
084 Индекс другой классификации/Индекс ББК __
2 Источник индекса okso
a Индекс другой классификации/Индекс ББК 13.01.10
084 Индекс другой классификации/Индекс ББК __
2 Источник индекса okso
a Индекс другой классификации/Индекс ББК 13.02.13
084 Индекс другой классификации/Индекс ББК __
2 Источник индекса okso
a Индекс другой классификации/Индекс ББК 15.01.37
084 Индекс другой классификации/Индекс ББК __
2 Источник индекса okso
a Индекс другой классификации/Индекс ББК 15.02.01
084 Индекс другой классификации/Индекс ББК __
2 Источник индекса okso
a Индекс другой классификации/Индекс ББК 15.02.03
084 Индекс другой классификации/Индекс ББК __
2 Источник индекса okso
a Индекс другой классификации/Индекс ББК 15.02.04
084 Индекс другой классификации/Индекс ББК __
2 Источник индекса okso
a Индекс другой классификации/Индекс ББК 15.02.06
084 Индекс другой классификации/Индекс ББК __
2 Источник индекса okso
a Индекс другой классификации/Индекс ББК 15.02.07
084 Индекс другой классификации/Индекс ББК __
2 Источник индекса okso
a Индекс другой классификации/Индекс ББК 15.02.17
084 Индекс другой классификации/Индекс ББК __
2 Источник индекса okso
a Индекс другой классификации/Индекс ББК 15.02.18
100 Автор __
a Автор Москаленко В. В.
q Полное имя Москаленко Владимир Валентинович
u Дополнение Национальный исследовательский институт мировой экономики и международных отношений им. Е.М. Примакова
245 Заглавие __
a Заглавие Системы автоматизированного управления электропривода
b Продолж. заглавия Учебник
c Ответственность Национальный исследовательский институт мировой экономики и международных отношений им. Е.М. Примакова
250 Сведения об издании __
a Основные сведения об издании 1
260 Выходные данные __
a Место издания Москва
b Издательство ООО "Научно-издательский центр ИНФРА-М"
c Дата издания 2026
300 Физическое описание __
a Объем 208 с.
440 Серия __
a Серия Среднее профессиональное образование
520 Аннотация __
a Аннотация Рассмотрены общие принципы построения и структуры систем управления электропривода. Приведено описание элементов и устройств схем управления рассмотрены разомкнутые и замкнутые схемы электроприводов с двигателями постоянного и переменного тока. Изложены вопросы применения электроприводов в системах автоматизации технологических процессов. Даны основные понятия и методы расчета и повышения надежности электроприводов. Для студентов учебных заведений среднего профессионального образования.
521 Примеч. о цел. назн. __
a Примеч. о целев. назн. Среднее профессиональное образование
650 Тематические рубрики __
a Основная рубрика Промышленность. Энергетика
x Основная подрубрика Машиностроение. Приборостроение
655 Указ. предметных рубрик (устаревшее) __
a Жанр/ форма (устаревшее) Учебник
856 Электронный адрес документа 4_
a Имя сервера/домена znanium.ru
m Помощь ebs_support@infra-m.ru
n Местонахождение сервера НИЦ ИНФРА-М
u URL https://znanium.ru/catalog/document?id=469468
856 Электронный адрес документа 48
a Имя сервера/домена znanium.ru
d Путь /cover/2225
f Электронное имя 2225679.jpg
q Тип электронного формата image/jpeg
u URL https://znanium.ru/cover/2225/2225679.jpg
911 __
u 0030=https://znanium.ru/catalog/document?id=469468